Mansfield park / (Record no. 5060)

000 -LEADER
fixed length control field 00376nam a22001457a 4500
008 - FIXED-LENGTH DATA ELEMENTS--GENERAL INFORMATION
fixed length control field 201009b ||||| |||| 00| 0 eng d
082 00 - DEWEY DECIMAL CLASSIFICATION NUMBER
Edition number 23rd ed.
Classification number 823
Item number A933
100 ## - MAIN ENTRY--PERSONAL NAME
9 (RLIN) 3982
Personal name Austen, Jane
245 10 - TITLE STATEMENT
Title Mansfield park /
250 ## - EDITION STATEMENT
Edition statement 1st ed.
260 ## - PUBLICATION, DISTRIBUTION, ETC. (IMPRINT)
Place of publication, distribution, etc London :
Name of publisher, distributor, etc The zodiac press,
Date of publication, distribution, etc 1949.
300 ## - PHYSICAL DESCRIPTION
Extent 355 p.
650 #0 - SUBJECT ADDED ENTRY--TOPICAL TERM
Topical term or geographic name as entry element English fiction
942 ## - ADDED ENTRY ELEMENTS (KOHA)
Item type Books
Holdings
Withdrawn status Lost status Source of classification or shelving scheme Damaged status Not for loan Permanent location Current location Date acquired Full call number Barcode Date last seen Koha item type
          IMU Kolkata IMU Kolkata 2020-10-09 823 A933 F00096 2020-10-09 Books
Designed and Maintained by IMU-KC Library, Kolkata Campus © Copyright All Rights Reserved

webs counters

Powered by Koha